| 000 | 00679na a2200217 4500 | ||
|---|---|---|---|
| 001 | 17639 | ||
| 003 | MIRAKIL | ||
| 005 | 20181213155014.0 | ||
| 008 | 161031b tu 000 0 | ||
| 040 |
_aMilas _btur _cTR-AnCHP |
||
| 041 | _atur | ||
| 082 |
_a330.956 _bÇ54t 1996 |
||
| 090 | _a330.956 Ç54t 1996 | ||
| 100 | _aÇiller, Tansu | ||
| 245 |
_aTürkiye ekonomisi 1995 _cTansu Çiller |
||
| 260 |
_aAnkara _bBaşbakanlık Basımevi _c1996 |
||
| 300 |
_a38 s. _btbl. ; grf. ; res. _c20 sm. |
||
| 500 | _aBaşbakan Prof. Dr. Tansu Çiller'in basın toplantısında kullandığı grafik, tablo ve konuşma metni | ||
| 650 |
_aEkonomi _d1995 _zTürkiye |
||
| 942 |
_2dcc _cBKS |
||
| 999 |
_c4689 _d4689 |
||